wszyscy uczestnicy Euro w historii - Statystyki

Ogólne statystyki
  • Ten quiz został rozwiązany 263 razy
  • Średni wynik to 30 z 35
Statystyki odpowiedzi
kraj % Poprawnych
polska
99%
hiszpania
95%
niemcy
95%
czechy
94%
portugalia
94%
holandia
93%
słowacja
93%
szwecja
93%
anglia
92%
francja
92%
ukraina
92%
włochy
92%
belgia
91%
grecja
90%
dania
89%
irlandia
89%
norwegia
89%
słowenia
88%
chorwacja
87%
finlandia
87%
szwajcaria
87%
austria
86%
szkocja
84%
węgry
84%
rumunia
83%
turcja
82%
albania
81%
walia
81%
islandia
80%
bułgaria
78%
łotwa
76%
macedonia północna
73%
irlandia północna
72%
ZSRR
68%
jugosławia
63%
Nie znaleziono quizów pasujących do podanych kryteriów
Rozkład punktacji
Procent ludzi z każdym wynikiem
Percentyl według liczby udzielonych odpowiedzi
Twoja historia wyników
Nie rozwiązałeś tego quizu